| 000 | 00926pam a2200241 a 4500 | ||
|---|---|---|---|
| 001 | 3366571 | ||
| 003 | OSt | ||
| 005 | 20250901165747.0 | ||
| 008 | 870112s1987 ilu s000 1 eng | ||
| 010 | _a 87004996 | ||
| 020 | _a0252014308 (alk. paper) | ||
| 040 |
_aDLC _cDLC _dDLC |
||
| 050 | 0 | 0 |
_aPS 3572 .O29 S34 1987 _bS34 1987 |
| 082 | 0 | 0 |
_a813/.54 _219 |
| 100 | 1 | _aVogan, Sara. | |
| 245 | 1 | 0 |
_aScenes from the homefront / _cSara Vogan. |
| 260 |
_aUrbana : _bUniversity of Illinois Press, _cc1987. |
||
| 300 |
_a133 p. ; _c21 cm. |
||
| 440 | 0 | _aIllinois short fiction | |
| 505 | 0 | _aScenes from the homefront -- No other women -- Miss Buick of 1942 -- The crane wife -- Angels in the snow -- The confessions of the finch -- The strength of steel -- Sunday's no name band -- China across the bay -- Mozart in the afternoon -- Hearts of a shark. | |
| 906 |
_a7 _bcbc _corignew _d1 _eocip _f19 _gy-gencatlg |
||
| 942 |
_2lcc _cBK |
||
| 999 |
_c8876 _d8876 |
||